Etické principy, aneb, Být dobrý člověk /

Hlavní autor: Hanzalová, Klára, 1976-
Jazyk: Čeština
Vydáno: Čáslav : Klára Hanzalová, 2013
Vydání: 1. vyd.
Témata:
Fyzický popis: [24] s., [10] l. : il. ; 21 cm + text ([1] l.) + 1 CD
Knihy
Uloženo v:
LEADER 01898nam a2200553 a 4500
001 nkc20132467934
003 CZ PrNK
005 20131010064437.0
007 ta
008 130709s2013 xr a e f 000 0 cze
015 |a cnb002467934 
020 |a 978-80-260-4493-2  |q (kroužková vazba) 
035 |a (OCoLC)855465190 
040 |a ABA001  |b cze 
072 7 |a 17  |x Etika. Morální filozofie  |2 Konspekt  |9 5 
080 |a 17.021/.024  |2 MRF 
080 |a 159.923.2  |2 MRF 
080 |a 159.923.5  |2 MRF 
080 |a 2-584  |2 MRF 
080 |a 17.02  |2 MRF 
080 |a 130.33-025.18  |2 MRF 
080 |a (035)  |2 MRF 
100 1 |a Hanzalová, Klára,  |d 1976-  |7 xx0147371  |4 aut 
245 1 0 |a Etické principy, aneb, Být dobrý člověk /  |c Klára Hanzalová 
246 3 0 |a Být dobrý člověk 
250 |a 1. vyd. 
260 |a Čáslav :  |b Klára Hanzalová,  |c 2013 
300 |a [24] s., [10] l. :  |b il. ;  |c 21 cm +  |e text ([1] l.) + 1 CD 
500 |a Název na CD: Řízená meditace sebepoznání 
650 0 7 |a etické kodexy  |7 ph262226  |2 czenas 
650 0 7 |a sebepoznání  |7 ph116116  |2 czenas 
650 0 7 |a rozvoj osobnosti  |7 ph194683  |2 czenas 
650 0 7 |a duchovní život  |7 ph114375  |2 czenas 
650 0 7 |a životní harmonie  |7 ph138147  |2 czenas 
650 0 7 |a vesmírná harmonie  |7 ph328390  |2 czenas 
650 0 9 |a ethical codices  |2 eczenas 
650 0 9 |a self-consciousness  |2 eczenas 
650 0 9 |a personality development  |2 eczenas 
650 0 9 |a spiritual life  |2 eczenas 
650 0 9 |a harmony of life  |2 eczenas 
650 0 9 |a cosmic harmony  |2 eczenas 
655 7 |a příručky  |7 fd133209  |2 czenas 
655 9 |a handbooks and manuals  |2 eczenas 
740 0 2 |a Řízená meditace sebepoznání 
910 2 |a BOA001  |b 2-1307.195 
990 |a BK 
995 |a 01 
991 |b 201307  |c NOV  |e n 
996 6 |b 2610556041  |c 2-1307.195  |l MZK  |r Sklad / do 1 hodiny  |n 1  |p p.v.  |w 001343052  |u 000010  |a 1  |e BOA001  |j MZK50  |s P